| 000 | 00973nam a22001937a 4500 | ||
|---|---|---|---|
| 005 | 20100730125039.0 | ||
| 010 | _a ENG-97167 | ||
| 020 |
_a9789380060224 _c250.00 |
||
| 035 | _aEN-80700 | ||
| 037 | _bDBAD/PUB | ||
| 082 | _a658.1511 | ||
| 100 |
_aJayasankar, S. _93163 |
||
| 245 |
_aManagement accounting: _btheory, problems and solutions / _cby S. Jayasankar |
||
| 260 |
_aSalem _bM.S.K Publications _c2009 |
||
| 270 |
_a3/189-E, Athanoor Amman Kovil St., Masinayaganpatti-Post, Ayuyothiyappattinam _bSalem _e636103 |
||
| 300 |
_a336p. _c23cm (pbk) |
||
| 942 |
_2ddc _cEN _h658.1511 _mJAY |
||
| 999 |
_c38243 _d38243 |
||